The students guide / (Record no. 193925)

000 -LEADER
fixed length control field 00810 a2200157 4500
003 - CONTROL NUMBER IDENTIFIER
control field NUST
005 - DATE AND TIME OF LATEST TRANSACTION
control field 20230102174501.0
040 ## - CATALOGING SOURCE
Transcribing agency Nust
082 ## - DEWEY DECIMAL CLASSIFICATION NUMBER
Classification number 371.8,ADA
100 ## - MAIN ENTRY--PERSONAL NAME
Personal name Adams, Sir John
9 (RLIN) 106654
245 ## - TITLE STATEMENT
Title The students guide /
Remainder of title The E.U.P Books
260 ## - PUBLICATION, DISTRIBUTION, ETC.
Place of publication, distribution, etc. London
Name of publisher, distributor, etc. Hodder and stoughton ltd
Date of publication, distribution, etc. 1945
300 ## - PHYSICAL DESCRIPTION
Extent 251,p;
505 ## - FORMATTED CONTENTS NOTE
Formatted contents note Taking Oneself in hand (Page-9), Plan of Campaign (Page-36), Manipulation of the memory (Page-56), Nature of Study and Thinking (Page-76), Method of Study (Page-98), The Technique of Study Reading (Page-133), The Use of Tex-Book (Page-153), The Use of Book of Reference (Page-162), The Art of Listening (Page-182), Note-Making (Page-190), Constructive Study in Translation (Page-206), Essay-Writing (Page-216), Examinations (Page-227).
942 ## - ADDED ENTRY ELEMENTS (KOHA)
Source of classification or shelving scheme
Koha item type Book
Call number prefix 371.8,ADA
Holdings
Withdrawn status Lost status Source of classification or shelving scheme Damaged status Not for loan Permanent Location Current Location Shelving location Date acquired Full call number Barcode Date last seen Price effective from Koha item type Public note
          Military College of Signals (MCS) Military College of Signals (MCS) General Stacks 12/12/2016 371.8,ADA MCS29984 12/08/2016 12/12/2016 Book Almirah No.54, Shelf No.3
© 2023 Central Library, National University of Sciences and Technology. All Rights Reserved.